Ecological applications

Gespeichert in:
Bibliographische Detailangaben
Format: Schriftenreihe
Sprache:Englisch
Veröffentlicht: Washington : Ecological Society of America
Schlagworte:
ISSN:1051-0761
Online-Zugang: Volltext
Tags: Tag hinzufügen
Keine Tags, Fügen Sie den ersten Tag hinzu!

MARC

LEADER 00000nas a2200000 4500
003 SK-BrCVT
005 20241218132817.0
008 060515d199u9999xxu e b eng
022 |a 1051-0761 
035 |a CVTIDW1253879 
040 |b slo  |a BA002  |e AACR2  |c CVTI SR  |d CVT 
041 0 |a eng 
044 |a xxu  |c US 
080 |a 504(05)  |2 UDC-MRF 
245 1 0 |a Ecological applications 
260 |a Washington :  |b Ecological Society of America 
310 |a Štvrťročník 
500 |a Vo fonde od roku:1995 
500 |a Príloha čas. Ecology, pozri sign.C2088. 
500 |a Od r. 1996 zanikol. 
653 1 |a ekológia  |a životné prostredie 
655 4 |a časopisy  |9 34804 
910 |b C7730 
942 |2 udc  |c 15 
999 |c 158875  |d 158875 
974 |b Soňa Beutelhauserová